Konwekcyjna wymiana ciepła podczas pracy diody termicznej / (Rekord nr 9271)
| 000 -ETYKIETA REKORDU | |
|---|---|
| podpole kontrolne o stałej długości | 00719naa a2200217 i 4500 |
| 001 - NUMER KONTROLNY REKORDU | |
| podpole kontrolne | 9271 |
| 003 - IDENTYFIKATOR NUMERU KONTROLNEGO REKORDU | |
| podpole kontrolne | KOSZ 005 |
| 005 - DATA OSTATNIEJ MODYFIKACJI REKORDU | |
| podpole kontrolne | 20180430115842.0 |
| 008 - POLE O STAŁEJ DŁUGOŚCI - DANE KONTROLNE | |
| podpole kontrolne o stałej długości | 180322s2005 pl f |000 0 pol |
| 015 ## - NUMER BIBLIOGRAFII NARODOWEJ | |
| Numer bibliografii narodowej | BZCz 2006/22491 |
| 035 ## - NUMER SYSTEMOWY | |
| Numer systemowy przejętego rekordu | (OCoLC)1008694742 |
| 040 ## - ŹRÓDŁO KATALOGOWANIA | |
| Instytucja, która sporządziła opis | WA N |
| Instytucja, która utworzyła rekord | WA N |
| Instytucja, która dokonała modyfikacji | KOSZ 005/KK |
| 100 ## - NAZWA OSOBOWA | |
| Nazwa osobowa | SZADA-BORZYSZKOWSKI, Wiesław. |
| 245 10 - TYTUŁ/ODPOWIEDZIALNOŚĆ | |
| Tytuł | Konwekcyjna wymiana ciepła podczas pracy diody termicznej / |
| Pozostałe elementy strefy tytułu i oznaczenia odpowiedzialności | Wiesław Szada-Borzyszkowski. |
| 260 ## - STREFA ADRESU WYDAWNICZEGO | |
| Data publikacji, dystrybucji/powstania dokumentu | 2005. |
| 650 #0 - HASŁO PRZEDMIOTOWE W FORMIE NAZWY OGÓLNEJ LUB JEDNOSTKOWEJ | |
| Nazwa ogólna lub geograficzna | Diody. |
| 650 #0 - HASŁO PRZEDMIOTOWE W FORMIE NAZWY OGÓLNEJ LUB JEDNOSTKOWEJ | |
| Nazwa ogólna lub geograficzna | Termodynamika techniczna. |
| 773 0# - TYTUŁ DOKUMENTU MACIERZYSTEGO | |
| Wyrażenie wprowadzające | W: |
| Tytuł | Koszalińskie Studia i Materiały. - |
| Informacje dotyczące relacji | 2005, nr 8, s. 207-214 |
| ISSN | 0137-7116. |
| 856 41 - LOKALIZACJA I DOSTĘP DO ELEKTRONICZNYCH DOKUMENTÓW ZDALNYCH | |
| Link (URL) | http://polona.pl/item/43029656 |
| Uwaga przeznaczona do użytku publicznego | Zobacz w Polonie |
| 942 ## - HASŁO DODATKOWE - ELEMENTY(KOHA) | |
| Schemat klasyfikacji | Uniwersalna klasyfikacja dziesiętna |
| Typ dokumentu | Artykuł |
Brak dostępnych egzemplarzy.
